Les joueurs les plus utilisés par le Bayern Munich - Statistiques

Statistiques générales
  • Ce quiz a été pris 88 fois
  • Le résultat moyen est 8 sur 10
Statistiques - réponses
Joueurs % Correct
6. Neuer
96%
1. Kane
91%
2. Kimmich
91%
9. Muller
87%
3. Sané
84%
5. Davies
82%
8. Musiala
79%
4. Goretzka
73%
10. Upamecano
71%
7. Kim Min-Jae
51%
Aucun quiz correspondant
Distribution des résultats
% des personnes avec chaque résultat
Percentile par nombre de réponses
Votre historique - résultats
Vous n’avez pas pris ce quiz